Catálogo
 En Linea

Antropología de la Pobreza : (Registro nro. 41916)

Detalles MARC
000 -CABECERA
campo de control de longitud fija 00700nam a2200193 a 4500
001 - NÚMERO DE CONTROL
campo de control 000042427
005 - FECHA Y HORA DE LA ÚLTIMA TRANSACCIÓN
campo de control 20201002040140.0
008 - DATOS DE LONGITUD FIJA--INFORMACIÓN GENERAL
campo de control de longitud fija 131129s1969 mx 000 0 spa d
040 ## - FUENTE DE LA CATALOGACIÓN
Centro catalogador/agencia de origen DO-SdBNP
Lengua de catalogación spa
Centro/agencia transcriptor BNPHU
082 ## - NÚMERO DE LA CLASIFICACIÓN DECIMAL DEWEY
Número de clasificación xxx
Número de documento/Ítem xxx
100 1# - ENTRADA PRINCIPAL--NOMBRE DE PERSONA
Nombre de persona Lewis, Oscar
9 (RLIN) 61089
240 10 - TÍTULO UNIFORME
Título uniforme Five Families (Mexican case studies in the culture of poverty)
245 10 - MENCIÓN DE TÍTULO
Título Antropología de la Pobreza :
Resto del título cinco familias /
Mención de responsabilidad, etc. Oscar Lewis; prólogo, Oliver La Farge; traducción, Emma Sánchez Ramírez.
250 ## - MENCIÓN DE EDICIÓN
Mención de edición 6a. ed.
260 ## - PUBLICACIÓN, DISTRIBUCIÓN, ETC.
Lugar de publicación, distribución, etc. México, :
Nombre del editor, distribuidor, etc. Fondo de Cultura Económica,
Fecha de publicación, distribución, etc. 1969.
300 ## - DESCRIPCIÓN FÍSICA
Extensión 302 p. ;
Dimensiones 21 cm.
700 1# - PUNTO DE ACCESO ADICIONAL--NOMBRE DE PERSONA
Nombre de persona Sánchez Ramírez, Emma
Término indicativo de función/relación trad.
9 (RLIN) 69559
700 1# - PUNTO DE ACCESO ADICIONAL--NOMBRE DE PERSONA
Nombre de persona La Farge, Oliver
Término indicativo de función/relación prol.
9 (RLIN) 69560
Existencias
Estado de retiro Estado de pérdida Restricciones de uso No para préstamo Código de colección Localización permanente Ubicación/localización actual Ubicación en estantería Fecha de adquisición Número de inventario Total de préstamos Signatura topográfica completa Código de barras Fecha visto por última vez Precio válido a partir de Tipo de ítem Koha
      Excluido de préstamo Monografías: Libros y Folletos General General En catalogación 29.11.2013 LF1   xxx xxx 42427-10 25.06.2020 25.06.2020 No se presta

Con tecnología Koha